| Tag |
First Indicator |
Second Indicator |
Subfields |
| LEADER |
00000cam a2200000 4500 |
| 001 |
in00000099070 |
| 005 |
20150926125559.0 |
| 008 |
710311s1971 nyu 00001 eng |
| 010 |
|
|
|a 76139067
|
| 035 |
|
|
|a (OCoLC)00126597
|
| 035 |
|
|
|9 AAL3752AM
|
| 037 |
|
|
|c $4.95
|
| 040 |
|
|
|a DLC
|c DLC
|d TXA
|d UtOrBLW
|
| 049 |
|
|
|a TXAM [Also in] [Sp Coll]
|c 1 [534127]
|a TXAS
|c [1101723]
|
| 050 |
0 |
0 |
|a PZ4.T22
|b Gar
|a PR6070.A66
|
| 082 |
0 |
|
|a 823/.9/14
|
| 100 |
1 |
|
|a Tate, Peter.
|
| 245 |
1 |
0 |
|a Gardens one to five.
|
| 250 |
|
|
|a [1st ed.].
|
| 264 |
|
1 |
|a Garden City, N.Y. :
|b Doubleday,
|c 1971.
|
| 300 |
|
|
|a 181 pages ;
|c 22 cm.
|
| 336 |
|
|
|a text
|b txt
|2 rdacontent
|
| 337 |
|
|
|a unmediated
|b n
|2 rdamedia
|
| 338 |
|
|
|a volume
|b nc
|2 rdacarrier
|
| 490 |
1 |
|
|a Doubleday science fiction
|
| 830 |
|
0 |
|a Doubleday science fiction.
|
| 999 |
|
|
|a MARS
|
| 999 |
f |
f |
|s 7f6d085e-21bd-3f45-bd54-95b982549402
|i 917e629b-1a76-35d6-9d3d-80a36bc45664
|t 0
|
| 952 |
f |
f |
|p ric
|a Texas A&M University
|b Rellis Campus
|c Joint Library Facility
|d Remote Storage
|t 0
|e PZ4.T22 Gar
|h Library of Congress classification
|i unmediated -- volume
|m A14804336272
|
| 952 |
f |
f |
|p noncirc
|a Texas A&M University
|b College Station
|c Cushing Memorial Library & Archives
|d Cushing: Science Fiction (Does not check out)
|t 0
|e PZ4.T22 Gar
|h Library of Congress classification
|i unmediated -- volume
|m A14800451038
|
| 998 |
f |
f |
|a PZ4.T22 Gar
|t 0
|l Cushing: Science Fiction (Does not check out)
|
| 998 |
f |
f |
|a PZ4.T22 Gar
|t 0
|l Remote Storage
|